| 000 | 00517nam a22001937a 4500 | ||
|---|---|---|---|
| 003 | CEME | ||
| 005 | 20210628202633.0 | ||
| 008 | 210115b xxu||||| |||| 00| 0 eng d | ||
| 020 | _a0-07-830957-3 | ||
| 040 | _cceme | ||
| 082 | _a004 NOR | ||
| 100 |
_aNorton's, Peter _960832 |
||
| 245 | _aComputing fundamentals introduction to computers | ||
| 250 | _a5TH | ||
| 260 |
_aNEW YORK _bMCGRAW HILL _c2003 |
||
| 300 | _aXI,415 P | ||
| 650 |
_aCOMPUTING FUNDAMENTALS.COMPUTERS INTRODUCTION _960833 |
||
| 942 |
_cBK _2ddc |
||
| 999 |
_c570460 _d570460 |
||